000 00425nam a2200145Ia 4500
008 100122s9999 xx 000 0 und d
082 _b42319
_a823.08
100 _aप्रभुदेसाई बाळकृष्ण
245 _aजहाज
260 _bबाळकृष्ण वि प्रभुदेसाई
_c1977
300 _a170
630 _aजहाज
730 _aजहाज
942 _cBOOK
999 _c422741
_d422738